Herrscher des Heiligen Römischen Reichs Deutscher Nation - Statistiken

Allgemein
  • Dieses Quiz wurde 398 mal gespielt
  • Das Durchschnittsergebnis liegt bei 31 aus 48
Antwortstatistiken
Hint Antwort % Korrekt
1152-1190 Friedrich I. Barbarossa
95%
1742-1745 Karl VII. Albrecht
95%
1220-1250 Friedrich II.
94%
1440-1493 Friedrich II.
94%
1314-1330 Friedrich III. der Schöne
94%
1347-1378 Karl IV. von Luxemburg
94%
1519-1556 Karl V.
94%
1711-1740 Karl VI.
94%
983-1002 Otto III.
92%
1198-1218 Otto IV.
92%
962-973 Otto I.
91%
973-983 Otto II.
91%
1002-1024 Heinrich II.
86%
1039-1056 Heinrich III.
86%
1056-1106 Heinrich IV.
86%
1106-1125 Heinrich V.
86%
1190-1197 Heinrich VI.
86%
1308-1313 Heinrich VII. von Luxemburg
86%
1745-1765 Franz I. Stephan
83%
1792-1806 Franz II.
81%
1314-1347 Ludwig IV. der Bayer
77%
1254-1256 Wilhelm von Holland
73%
1493-1519 Maximilian I.
64%
1564-1576 Maximilian II.
64%
1705-1711 Joseph I.
59%
1765-1790 Joseph II.
59%
1024-1039 Konrad II.
56%
1138-1152 Konrad III. König
56%
1250-1254 Konrad IV.
56%
1556-1564 Ferdinand I.
55%
1619-1637 Ferdinand II.
55%
1637-1657 Ferdinand III.
55%
1657-1705 Leopold I.
53%
1790-1792 Leopold II.
53%
1576-1612 Rudolf II.
49%
1273-1291 Rudolf I. von Habsburg
49%
1257-1272 Richard von Cornwall
46%
1298-1308 Albrecht I. von Österreich
45%
1438-1439 Albrecht II.
44%
1198-1208 Philipp von Schwaben
38%
1125-1137 Lothar III.
36%
1612-1619 Matthias
34%
1410-1437 Sigismund von Luxemburg
33%
1378-1400 Wenzel von Luxemburg
32%
1291-1298 Adolf von Nassau
30%
1257-1273 Alfons X. von Kastilien
22%
1400-1410 Ruprecht III. von der Pfalz
21%
1410-1411 Jobst von Mähren
17%
Keine übereinstimmenden Quizze gefunden
Verteilung der Resultate
Anzahl Personen mit jedem Resultat
Perzentil nach korrekt beantworteten Fragen
Ihre Resultats-Entwicklung
Sie haben dieses Quiz noch nicht gespielt